Les quiz Jetpunk avec plus d'un million de tentatives - Mort subite - Statistiques

Statistiques générales
  • Ce quiz a été pris 137 fois
  • Le résultat moyen est 2 sur 10
Answers on the Grid
Answers color-coded by a green-red scale on the quiz's grid according to % correct below.
Pays du Monde
Présidents des États-Unis
Nombres 1 à 50 en 15 secondes
Pays d'Europe
Films mal décrits #1
12 mois en 15 secondes
Les 151 Pokémon de la Première Génération
Test de Rapidité : Allez de 1 à 100
15 pays aléatoires sur une carte d'Europe
Départements français
Capitales du Monde - Quiz
Quiz Grammaire #1 - Les Verbes
Trouvez le pays mystère en utilisant des indices - Aléatoire
Les plus grandes villes du Canada
Jeux vidéos les plus vendus
Traduction de Vocabulaire en Anglais Aléatoire
Trouvez le pays aléatoire avec des indices de couleur
La Seconde Guerre mondiale de A à Z
Capitales d'Europe - Quiz
Présidents de la France
 
Statistiques - réponses
Réponse % Correct
Pays du Monde
90%
Pays d'Europe
40%
12 mois en 15 secondes
31%
Capitales du Monde - Quiz
29%
Capitales d'Europe - Quiz
15%
Départements français
10%
Test de Rapidité : Allez de 1 à 100
8%
Traduction de Vocabulaire en Anglais Aléatoire
8%
Trouvez le pays mystère en utilisant des indices - Aléatoire
6%
Trouvez le pays aléatoire avec des indices de couleur
3%
Aucun quiz correspondant
Distribution des résultats
% des personnes avec chaque résultat
Percentile par nombre de réponses
Votre historique - résultats
Vous n’avez pas pris ce quiz